|
|
|
|
| LEADER |
00000nab a2200000 a 4500 |
| 001 |
vtls009452187 |
| 003 |
SK-MaSNL |
| 005 |
20260304151650.0 |
| 008 |
250506c2008 xo |||||||| |000 b|slo |
| 015 |
|
|
|a SNBRB2008/12
|2 snkbucl
|
| 035 |
|
|
|a (uuid)7a286371-0b75-4c03-8c73-777606792f49
|
| 035 |
|
|
|a urn:nbn:sk:snk-ab1wsl
|
| 035 |
|
|
|a (urnnbn)urn:nbn:sk:snk:ar-a015c8
|
| 038 |
|
|
|a SNKBUCL
|
| 040 |
|
|
|a SNKBUCL
|b slo
|c SNKBUCL
|e AACR2
|
| 041 |
0 |
|
|a hun
|
| 044 |
|
|
|a xo
|c SK
|
| 080 |
|
|
|a 821.511.141 (477.8)-1=511.141
|2 1997
|
| 100 |
1 |
|
|a Lónyai, Éva,
|d 1977-
|4 aut
|9 1473193
|
| 245 |
1 |
0 |
|a Mamám és az ország
|c Lónyai Éva
|
| 300 |
|
|
|b Obr.
|
| 650 |
0 |
7 |
|a psychologické poviedky, maďarské
|2 snkbucl
|9 71096
|
| 773 |
0 |
|
|t Kalligram : művészet és gondolat
|g Évf. XVII, sz. október (2008), o. 30-40
|x 1335-1826
|
| 850 |
|
|
|a Slovenská národná knižnica
|
| 852 |
|
|
|a Slovenská národná knižnica
|
| 958 |
|
|
|a article27
|
| 958 |
|
|
|a OND
|
| 958 |
|
|
|a HU
|
| 958 |
|
|
|a LX
|
| 958 |
|
|
|a UA
|
| 958 |
|
|
|a EUIPO
|
| 999 |
|
|
|c 2945136
|d 2947066
|